| 000 | 00861cam a2200229 a 4500 | ||
|---|---|---|---|
| 001 | 000001168 | ||
| 005 | 20250730105807.0 | ||
| 008 | 770517s1969 sp a b 001 0 spa | ||
| 040 |
_aDO-SdBNP _bspa _cBNPHU |
||
| 082 |
_a666.13 _bV677v |
||
| 100 | 1 |
_aVigil Pascual, Marcelo. _93983 |
|
| 245 | 1 | 3 | _aEl vidrio en el mundo antiguo. |
| 260 |
_aMadrid : _bInstituto Español de Arqueología, Consejo Superior de Investigaciones Cientificas, _c1969. |
||
| 300 |
_axii, 181 p. : _bil. ; _c20 cm. |
||
| 490 | 1 |
_aBibliotheca archaeologica _vno. 7 |
|
| 504 | _aIncluye referencias bibliográficas y notas al pie de las páginas. | ||
| 504 | _aIncluye indice de materia e índice de nombres. | ||
| 650 | 4 |
_aVidrio _xTecnología _93984 |
|
| 650 | 0 |
_aArqueología _93985 |
|
| 650 | 4 |
_aVidrio _xIndustria y comercio _93986 |
|
| 830 | 0 |
_aBibliotheca archaeologica; _vno. 7 _93987 |
|
| 999 |
_c1121 _d1121 |
||